000
00156nam a22000857a 4500
082
_a
823
100
_a
RUDYARD KIPLING
245
_a
THE JUNGLE BOOK
942
_c
BK
999
_c
8343
_d
8343